Thank You in 10 Languages - Statistics

General Stats
  • This quiz has been taken 122 times
  • The average score is 7 of 10
Answer Stats
Hint Language % Correct
Thank you English
100%
Merci French
98%
Gracias Spanish
98%
Спасибо Russian
92%
شكرًا لك Arabic
90%
감사합니다 Korean
90%
Dziękuję Polish
64%
ขอบคุณ Thai
56%
አመሰግናለሁ Amharic
32%
Salamat Tagalog
23%
No matching quizzes found
Score Distribution
Percent of People with Each Score
Percentile by Number Answered
Your Score History
You have not taken this quiz